Spomienky z Budapešti 1939-1944

Guardado en:
Detalles Bibliográficos
Autor principal: Spišiak, Ján
Formato: Libro
Lenguaje:eslovaco
Publicado: Bratislava Slovak Academic Press 2010
Materias:
Etiquetas: Agregar Etiqueta
Sin Etiquetas, Sea el primero en etiquetar este registro!

MARC

LEADER 00000nam a2200000 4500
001 0124521
005 20230227114207.5
020 |a 978-80-8095-063-7 
041 0 |a slo 
044 |a SK 
245 1 0 |a Spomienky z Budapešti  |b 1939-1944  |c Ján Spišiak 
264 1 |a Bratislava  |b Slovak Academic Press  |c 2010 
300 |a 465 s. 
610 2 0 |a biografia 
610 2 0 |a životopisy 
610 2 0 |a diplomati 
610 2 0 |a história 
610 2 0 |a vojny 
610 2 0 |a Slovensko 
610 2 0 |a Maďarsko 
100 1 |a Spišiak, Ján